Fundamentals of Financial Management (Record no. 5880)

MARC details
005 - DATE AND TIME OF LATEST TRANSACTION
control field 20250628081828.0
020 ## - INTERNATIONAL STANDARD BOOK NUMBER
International Standard Book Number 0-273-68598-8
082 ## - DEWEY DECIMAL CLASSIFICATION NUMBER
Classification number 658.15 VAN
100 ## - MAIN ENTRY--PERSONAL NAME
Author name VAN HORNE, J
245 ## - TITLE STATEMENT
Title Fundamentals of Financial Management
260 ## - PUBLICATION, DISTRIBUTION, ETC.
Place of publication, distribution, etc. London
Name of publisher, distributor, etc. Pearson Education Limited
Date of publication, distribution, etc. 2005.
300 ## - PHYSICAL DESCRIPTION
Extent xxiv, 712p.: ill.; figures
Other physical details Index
Dimensions 26cm
700 ## - ADDED ENTRY--PERSONAL NAME
Other authors/Editors John M. Wachowicz
942 ## - ADDED ENTRY ELEMENTS (KOHA)
Source of classification or shelving scheme Dewey Decimal Classification
Koha item type Books
Holdings
Date last seen Total checkouts Full call number Barcode Cost, replacement price Price effective from Koha item type Lost status Source of classification or shelving scheme Damaged status Not for loan Withdrawn status Home library Current library Shelving location Date acquired Source of acquisition Cost, normal purchase price
06/28/2025   658.15 VAN MZA0002872 150000.00 06/28/2025 Books   Dewey Decimal Classification       CBE Mwanza CBE Mwanza General Collection 06/19/2018 Library budget 50000.00